000 00976nam a22002057a 4500
999 _c11051
_d11051
003 AR-CdUCM
008 190402b ||||| |||| 00| 0 spa d
040 _aMUNICIPALIDAD PROVINCIAL DEL CUSCO
_cBIBLIOTECA MUNICIPAL DEL CUSCO
082 _aEP / 372.500 /
_bC79
100 _aCosta Alva, Yanira
_927897
245 _aNaturaleza, comunidad y trabajo :
_b3er grado de educación primaria /
260 _aLima :
_bAdyrsa,
300 _a111 paginas
_c28 cm.
440 _aNaturalito.
_928184
505 _aContenido : 3: Etapas del desarrollo de la persona humana -- Los seres de la naturaleza -- Los recursos naturales, las actividades económicas y las riquezas culturales de la localidad -- Hombres notables y hechos significativos de la historia local y nacional -- La higiene y la seguridad para la conservación de la salud personal y colectiva ...
650 _aCiencias naturales
_910176
650 _aEducación primaria
_91561
942 _2ddc
_cLIBROS
945 _arum